00886cam a2200217 a 45000010005000000030009000050050017000140080041000310400038000720820016001102450162001262600072002883000041003604900023004015040041004246500064004656510051005297000018005807000028005987100042006265289BD-DhUAP20210128163006.0011213s1995 bg abf b f000 0 eng  aBD-DhUAPcBD-DhUAPdBD-DhUAPbEng00a934 ARC22300aArchaeological survey report of greater Dinajpur District /cMd. Mosharraf Hossain ... [et al.] ; compiled by Md. Mosharraf Hossain ; edited by Mohammed Ali. aDhaka :bDept. of Archaeology, Ministry of Cultural Affairs,c1995. a118 pages :billustrations ;c25 cm. aB.A. series ;v14. aIncludes bibliographical references. 0aExcavations (Archaeology)zBangladeshzDinājpur District. 0aDinājpur District (Bangladesh)xAntiquities.1 aAli, Mohammed1 aHossain, Md. Mosharraf 1 aBangladeshbDepartment of Archaeology